000 00313nam a2200121Ia 4500
008 231129s9999||||xx |||||||||||||| ||spa||
040 _bspa
082 _a193 N677ha
100 _aNietzche Friedrich
245 0 _aAsí­ habló Zarathustra
264 _aBogotá Colombia: La Oveja Negra; Sarpe
942 _2ddc
_cBKS
999 _c5694
_d5694